Normal view MARC view

Entry Topical Term

Number of records used in: 13

001 - CONTROL NUMBER

  • control field: 42048

003 - CONTROL NUMBER IDENTIFIER

  • control field: OSt

005 - DATE AND TIME OF LATEST TRANSACTION

  • control field: 20230524204912.0

008 - FIXED-LENGTH DATA ELEMENTS

  • fixed length control field: 230524|| aca||aabn | a|a d

040 ## - CATALOGING SOURCE

  • Original cataloging agency: OSt
  • Transcribing agency: OSt

150 ## - HEADING--TOPICAL TERM

  • Topical term or geographic name entry element: Bio-medical

670 ## - SOURCE DATA FOUND

  • Source citation: Work cat.: (OSt)56464: Onkar Nath Pandey 42047, Biomedical Electronics and Instrumentation, 2010
Trident Academy of Technology © 2023.
All rights reserved.                                                                                                                                                                                                        Designed by Team of Central Library .

Powered by Koha